000 00291nam a22001457a 4500
003 SGT
020 _a9781138033214
082 _bSAU
100 _aSAUKKO, PEKKA
245 _aKNIGHT'S FORENSIC PATHOLOGY
250 _a4TH
260 _bCRC PRESS
_c2016
300 _a666
942 _2ddc
_cBK
999 _c15799
_d15799